000 00361nam a22001457a 4500
999 _c7742
_d7742
003 GBCCL
005 20241126110635.0
008 180914b ||||| |||| 00| 0 eng d
040 _cgbc
082 _aSOU EBC
_b1999
245 _aEBC Songtal dorcas golden jubilee 1949-1999 souvenir
260 _c1999
_aSongtal :
_bEBCC,
300 _a36pages
942 _2ddc
_cARCH